Normal view
MARC view
- Calaurs Of Jordan-Calaurs
Entry Topical Term
001 - CONTROL NUMBER
- control field: 3678
003 - CONTROL NUMBER IDENTIFIER
- control field: JO-AjAnu
005 - DATE AND TIME OF LATEST TRANSACTION
- control field: 20230606070914.0
008 - FIXED-LENGTH DATA ELEMENTS
- fixed length control field: 230606|| aca||aabn | a|a d
040 ## - CATALOGING SOURCE
- Original cataloging agency: JO-AjAnu
- Transcribing agency: JO-AjAnu
150 ## - HEADING--TOPICAL TERM
- Topical term or geographic name entry element: Calaurs Of Jordan-Calaurs
670 ## - SOURCE DATA FOUND
- Source citation: Work cat.: (JO-AjAnu)1918: Art Director Tareq Khoury، Designer heten Zaour , Translator Wathiq Haddadin, English Editor Lis Lawrence, author 3677, Calaurs Of Jordan: A callection of paintings by peter lawrence